000 00769nam a22002057a 4500
999 _c21317
_d21317
003 AR-CdUCM
008 190604b ||||| |||| 00| 0 spa d
040 _aMUNICIPALIDAD PROVINCIAL DEL CUSCO
_cBIBLIOTECA MUNICIPAL DEL CUSCO
082 _aEP/460/V10
_bV10
100 _aVasquez Maita, Isabel
_944480
245 _aEl mundo de las estrategias metodológicas para los tiempos de hoy y del mañana /
260 _aCusco ;
_bCesar,
_c2013.
300 _a62 Páginas ;
_c30 cm.
500 _aTexto empastado en color azul.
505 _aContenido: La resolución de problemas -- El método lúdico -- El método de cuentos --Técnicas ...
650 _aEducación primaria
_91561
650 _aEducación de valores
_944481
942 _2ddc
_cLIBROS
945 _aRoel